|
|
|
|
| LEADER |
00000cam a2200000 7i4500 |
| 001 |
0000002413 |
| 005 |
20030609.0 |
| 020 |
0 |
0 |
|a 0716713764
|
| 090 |
0 |
0 |
|a 552
|b WIL 1982
|
| 100 |
1 |
0 |
|a WILLIAMS
|h Howel
|c 1898-
|
| 245 |
1 |
0 |
|a Petrography :
|b an introduction to the study of rocks in thin sections
|c Howel Williams, Francis J. Turner, Charles M. Gilbert
|
| 250 |
0 |
0 |
|a 2nd ed.
|
| 260 |
0 |
0 |
|a San Francisco :
|b W.H. Freeman ,
|c 1982
|
| 300 |
|
|
|a xiv, 626 p. :
|b ill. ;
|c 25 cm.
|
| 500 |
0 |
0 |
|a Includes bibliographical references and indexes
|
| 650 |
0 |
0 |
|a Petrology
|
| 650 |
0 |
0 |
|a Thin sections (Geology)
|
| 998 |
|
|
|a JPSM
|
| 999 |
|
|
|a 0000004082
|b Monograph
|c Open Shelf
|e Default branch
|